| 000 | 00876cam a2200289 a 4500 | ||
|---|---|---|---|
| 001 | 1595139 | ||
| 005 | 20250219042812.0 | ||
| 008 | 940105s1994 enk b 001 0 eng | ||
| 020 | _a1856491838 | ||
| 020 | _a1856491846 (pbk.) | ||
| 040 |
_aDLC _cDLC _dDLC |
||
| 082 | 0 | 0 |
_a305.4 _26893 _bBRA |
| 245 | 0 | 0 |
_aWomen, the Environment and Sustainable Development: _bTowards a Theoretical Synthesis |
| 260 |
_aLondon; _aNew Jersey _bZed Books in association with INSTRAW, _c1994 |
||
| 300 | _axiii, 220 p., | ||
| 650 | 0 | _aWomen in Development | |
| 650 | 0 | _aWomen and the Environment | |
| 650 | 0 | _aSustainable Development | |
| 650 | 0 | _aHuman Ecology | |
| 650 | 0 | _aConservation of Natural Resources | |
| 650 | 0 | _aFeminist Theory | |
| 700 | 1 |
_aBraidotti, R _eedt |
|
| 700 | 1 |
_aCharkiewicz, E _eedt |
|
| 700 | 1 |
_aHausler, S _eedt |
|
| 700 | 1 |
_aWieringa, S _eedt |
|
| 942 | _cL | ||
| 999 |
_c5984 _d5984 |
||